Score 0/24 Timer 04:00
26 Plays Today
Question Answer Wrong Answers
Dwight Schrute The Office
91%
Parks and Recreation
1.6%
30 Rock
0.8%
Veep
0.6%
Michael Scott The Office
90.7%
Parks and Recreation
1.6%
30 Rock
0.9%
Veep
0.8%
Jim Halpert The Office
88.5%
Parks and Recreation
2.6%
30 Rock
1.4%
Veep
1.4%
Pam Beesly The Office
88.3%
Parks and Recreation
2.6%
30 Rock
1.5%
Veep
1.4%
Ron Swanson Parks and Recreation
86.6%
The Office
3.8%
30 Rock
1.9%
Veep
1.5%
Leslie Knope Parks and Recreation
85.7%
The Office
2.5%
30 Rock
3.1%
Veep
2.4%
Liz Lemon 30 Rock
81.4%
The Office
2.2%
Parks and Recreation
4.5%
Veep
5.3%
Stanley Hudson The Office
80.7%
Parks and Recreation
4.3%
30 Rock
3.4%
Veep
5%
Tracy Jordan 30 Rock
80%
The Office
2.5%
Parks and Recreation
4.3%
Veep
6.3%
April Ludgate Parks and Recreation
79.2%
The Office
3.3%
30 Rock
4.2%
Veep
6.4%
Tom Haverford Parks and Recreation
77.4%
The Office
3.7%
30 Rock
4.4%
Veep
7.5%
Andy Bernard The Office
77.1%
Parks and Recreation
9.5%
30 Rock
3.3%
Veep
3.8%
Ann Perkins Parks and Recreation
77%
The Office
4.3%
30 Rock
4.2%
Veep
7.7%
Jack Donaghy 30 Rock
75.1%
The Office
3.3%
Parks and Recreation
5.1%
Veep
9.4%
Selina Meyer Veep
73.1%
The Office
2.5%
Parks and Recreation
5.6%
30 Rock
11.5%
Andy Dwyer Parks and Recreation
69.4%
The Office
17.7%
30 Rock
3.4%
Veep
3.1%
Jenna Maroney 30 Rock
68.2%
The Office
6.7%
Parks and Recreation
6.2%
Veep
11.7%
Kenneth Parcell 30 Rock
65.5%
The Office
4.7%
Parks and Recreation
7.5%
Veep
14.9%
Dan Egan Veep
65.4%
The Office
4.1%
Parks and Recreation
9%
30 Rock
13.8%
Mike McLintock Veep
65.2%
The Office
3.9%
Parks and Recreation
8.8%
30 Rock
14.3%
Jonah Ryan Veep
61.6%
The Office
4.2%
Parks and Recreation
6.9%
30 Rock
19.5%
Amy Brookheimer Veep
61.6%
The Office
4.6%
Parks and Recreation
12.2%
30 Rock
14.2%
Gary Walsh Veep
61.1%
The Office
4.4%
Parks and Recreation
13.7%
30 Rock
13.2%
Frank Rossitano 30 Rock
46.6%
The Office
3.7%
Parks and Recreation
9.1%
Veep
33%
Remove Ads.
Support Sporcle.
Get the best of Sporcle when you Go Orange. This ad-free experience offers more features, more stats, and more fun while also helping to support Sporcle. Thank you for becoming a member.

You're not logged in!

Compare scores with friends on all Sporcle quizzes.
OR
Log In

Show Comments

Extras

Top Quizzes Today


Score Distribution

Your Account Isn't Verified!

In order to create a playlist on Sporcle, you need to verify the email address you used during registration. Go to your Sporcle Settings to finish the process.

Report this User

Report this user for behavior that violates our Community Guidelines.

Details: